A BRIEF HISTORY OF TIME (Record no. 8964)
[ view plain ]
| 000 -LEADER | |
|---|---|
| fixed length control field | 00348nam a22001457a 4500 |
| 082 ## - DEWEY DECIMAL CLASSIFICATION NUMBER | |
| Classification number | 001 |
| Item number | HAW/B |
| 100 ## - MAIN ENTRY--AUTHOR NAME | |
| Personal name | HAWKING,STEPHEN |
| 245 ## - TITLE STATEMENT | |
| Title | A BRIEF HISTORY OF TIME |
| 246 ## - VARYING FORM OF TITLE | |
| Title proper/short title | A BRIEF HISTORY OF TIME |
| Remainder of title | A BRIEF HISTORY OF TIME |
| 260 ## - PUBLICATION, DISTRIBUTION, ETC. (IMPRINT) | |
| Place of publication | LONDON |
| Name of publisher | BANTAM BOOKS |
| Year of publication | 1998 |
| 300 ## - PHYSICAL DESCRIPTION | |
| Number of Pages | 210 |
| 520 ## - SUMMARY, ETC. | |
| Summary, etc | INFORMATIVE |
| 650 ## - SUBJECT ADDED ENTRY--TOPICAL TERM | |
| Topical Term | G K |
| 942 ## - ADDED ENTRY ELEMENTS (KOHA) | |
| Koha item type | Books |
| Withdrawn status | Lost status | Collection code | Home library | Current library | Shelving location | Date acquired | Source of acquisition | Full call number | Accession Number | Koha item type |
|---|---|---|---|---|---|---|---|---|---|---|
| G.K | Main Library | Main Library | SHELF-5C REFERENCE PHYSICS | 01/10/2024 | COTRIBUTION | 001 HAW/B | 13718 | Books |